| 000 | 00845nam a2200217 4500 | ||
|---|---|---|---|
| 001 | 127526 | ||
| 003 | ES-MaACL | ||
| 005 | 20230906193029.0 | ||
| 007 | t| | ||
| 008 | 070214s1965 sp r ||||1| spa d | ||
| 100 | 1 |
_aRietschel, H. _997169 |
|
| 245 | 1 | 0 |
_aTratado de calefacción, ventilación y acondicionamiento de aire / _cH. Rietschel ; edición ampliada por Wilhelm Raiss ; con un capítulo sobre principios termofisiológicos e higiénicos por E. Roedler ; edición traducida por Pedro Moles Roca, Antonio Cardona Cumella. |
| 250 | _a2ª. ed. | ||
| 260 |
_aBarcelona : _bLabor, _c1965. |
||
| 300 |
_aXVI, 767 p. : _bil. ; _c27 cm. |
||
| 700 | 1 |
_aRaiss, Wilhelm. _995038 |
|
| 700 | 1 |
_aRoedler, E. _998899 |
|
| 700 | 1 |
_aMoles Roca, Pedro. _981865 |
|
| 700 | 1 |
_aCardona Cumella, Antonio. _935185 |
|
| 852 |
_aES-MaACL _jC-28060 _bR.57490 |
||
| 999 |
_c127526 _d127526 |
||